书目信息 |
| 题名: |
社会主义核心价值与生活世界的互构研究
|
|
| 作者: | 邹小华, 著 | |
| 分册: | ||
| 出版信息: | 北京 中国社会科学出版社 2020.12 |
|
| 页数: | 298页 | |
| 开本: | 24cm | |
| 丛书名: | ||
| 单 册: | ||
| 中图分类: | D616 | |
| 科图分类: | ||
| 主题词: | 社会主义建设--she hui zhu yi jian she--价值论--中国 | |
| 电子资源: | ||
| ISBN: | 978-7-5203-7314-2 | |
| 000 | 01021nam0 2200265 450 | |
| 001 | 202021044805 | |
| 005 | 20211025120153.0 | |
| 010 | @a978-7-5203-7314-2@dCNY108.00 | |
| 100 | @a20211006d2020 em y0chiy50 ea | |
| 101 | 0 | @achi |
| 102 | @aCN@b110000 | |
| 105 | @ay a 000yy | |
| 106 | @ar | |
| 200 | 1 | @a社会主义核心价值与生活世界的互构研究@Ashe hui zhu yi he xin jia zhi yu sheng huo shi jie de hu gou yan jiu@f邹小华著 |
| 210 | @a北京@c中国社会科学出版社@d2020.12 | |
| 215 | @a298页@d24cm | |
| 306 | @a本书由江西省大学生思想政治教育研究中心资助出版 | |
| 314 | @a邹小华, 南昌大学马克思主义学院教授等职。 | |
| 320 | @a有书目 (第288-296页) | |
| 330 | @a本书展开了相关的理论阐释, 探讨了中国传统核心价值观的特征与现代传承, 并具体论述了日常生活世界的批判性构建, 形成了理论篇、历史篇、构建篇的整体框架。 | |
| 606 | 0 | @a社会主义建设@Ashe hui zhu yi jian she@x价值论@y中国 |
| 690 | @aD616@v5 | |
| 701 | 0 | @a邹小华,@Azou xiao hua@f1963-@4著 |
| 801 | 0 | @aCN@c20210909 |
| 905 | @a河南城建学院图书馆@dD616@eZ971 | |
| 社会主义核心价值与生活世界的互构研究/邹小华著.-北京:中国社会科学出版社,2020.12 |
| 298页;24cm |
| ISBN 978-7-5203-7314-2:CNY108.00 |
| 本书展开了相关的理论阐释, 探讨了中国传统核心价值观的特征与现代传承, 并具体论述了日常生活世界的批判性构建, 形成了理论篇、历史篇、构建篇的整体框架。 |
| ● |
| 相关链接 |
|
|
|
正题名:社会主义核心价值与生活世界的互构研究
索取号:D616/Z971
 
预约/预借
| 序号 | 登录号 | 条形码 | 馆藏地/架位号 | 状态 | 备注 |
| 1 | 1544373 | 215443731 | 社科库509/509社科库 72排5列4层/ [索取号:D616/Z971] | 在馆 |